书目信息 |
| 题名: |
农村数学
|
|
| 作者: | ;盐城地区《农村数学》编写组 编 | |
| 分册: | ||
| 出版信息: | 南京 江苏人民出版社 1975 |
|
| 页数: | 535页 | |
| 开本: | 19cm | |
| 丛书名: | 知识青年自然科学丛书 | |
| 单 册: | ||
| 中图分类: | O1-51 | |
| 科图分类: | ||
| 主题词: | 农业科学:数学 , 数学:农业科学 , 数学 | |
| 电子资源: | ||
| ISBN: | ||
| 000 | 00844nam2 2200277 45 | |
| 001 | 0175002699 | |
| 005 | 20060522093856.07 | |
| 010 | @dCNY0.90 | |
| 091 | @a7100.009 | |
| 100 | @a19951012d1975 em y0chiy0121 ea | |
| 101 | 0 | @achi |
| 102 | @aCN@b320000 | |
| 105 | @ay z 000yy | |
| 200 | 10 | @a农村数学@Anong cun shu xue@f盐城地区《农村数学》编写组编@Fyan cheng di qu《nong cun shu xue》bian xie zu bian |
| 210 | @a南京@c江苏人民出版社@d1975 | |
| 215 | @a535页@d19cm | |
| 225 | 2 | @a知识青年自然科学丛书 |
| 410 | 0 | @120010@a知识青年自然科学丛书 |
| 606 | @a农业科学:数学 | |
| 606 | @a数学:农业科学 | |
| 606 | 0 | @a数学 |
| 690 | @aO1-51@v4 | |
| 711 | 0 | @a盐城地区《农村数学》编写组@Ayan cheng di qu《nong cun shu xue》bian xie zu@4编 |
| 801 | 0 | @aCN@b广东省中山图书馆@c20060522 |
| 801 | 2 | @aCN@bNLC@c20060508 |
| 905 | @dO1-51@e18 | |
| 农村数学/盐城地区《农村数学》编写组编.-南京:江苏人民出版社,1975 |
| 535页;19cm.-(知识青年自然科学丛书) |
| ISBN :CNY0.90 |
| ● |
| 相关链接 |
|
|
|
|
正题名:农村数学
索取号:O1-51/18
 
预约/预借
| 序号 | 登录号 | 条形码 | 馆藏地/架位号 | 状态 | 备注 |
| 1 | 0008358 | 202288167 | 密集书库/ [索取号:O1-51/18] | 在馆 | |
| 2 | 0008359 | 202294052 | 密集书库/ [索取号:O1-51/18] | 在馆 | |
| 3 | 0008360 | 202194767 | 密集书库/ [索取号:O1-51/18] | 在馆 | |
| 4 | 0008361 | 202297102 | 密集书库/ [索取号:O1-51/18] | 在馆 | |
| 5 | 0008362 | 202288121 | 密集书库/ [索取号:O1-51/18] | 在馆 | |
| 6 | 0008363 | 202346176 | 密集书库/ [索取号:O1-51/18] | 在馆 | |
| 7 | 0008364 | 001234364 | 第二样本阅览室/ [索取号:O1-51/18] | 在馆 | |
| 8 | 0008365 | 202297111 | 密集书库/ [索取号:O1-51/18] | 在馆 | |
| 9 | 0008366 | 202297077 | 密集书库/ [索取号:O1-51/18] | 在馆 | |
| 10 | 0008367 | 202194847 | 密集书库/ [索取号:O1-51/18] | 在馆 | |
| 11 | 0008368 | 202288176 | 密集书库/ [索取号:O1-51/18] | 在馆 | |
| 12 | 0008369 | 202194801 | 密集书库/ [索取号:O1-51/18] | 在馆 | |
| 13 | 0008370 | 202294098 | 密集书库/ [索取号:O1-51/18] | 在馆 | |
| 14 | 0008371 | 001234355 | 第三借阅区/ [索取号:O1-51/18] | 在馆 | |
| 15 | 0008372 | 202288130 | 密集书库/ [索取号:O1-51/18] | 在馆 |